banner-ar

الروض العاطر فى نزهة الخاطر / (Record no. 38561)

MARC details
000 -الفاتح
حقل البيانات ثابتة الطول 00629nam a2200205Ia 4500
008 - عناصر البيانات ثابتة الطول - معلومات عامة
حقل البيانات ثابتة الطول 140319s9999 xx 000 0 ara d
040 ## - مصدر الفهرسة
وكالة الفهرسة الأصلية GCL /
وكالة النسخ GCL
082 04 - رقم تصنيف ديوى العشرى
رقم التصنيف 254
رقم المادة ن ر
100 1# - المدخل الرئيسى - إسم شخصى
الإسم الشخصى النفراوى, سالم بن محمد المالكى
245 10 - بيان العنوان
العنوان الروض العاطر فى نزهة الخاطر /
بيان المسئوليه,etc النفراوى, سالم بن محمد المالكى
700 1# - المدخل الاضافى - اسم شخصى
الإسم الشخصى جمال جمعة
300 ## - الوصف المادى
التعداد 188 ص
490 ## - بيان السلسلة
عنوان السلسلة
650 04 - المدخل الاضافى بالموضوع-مصطلح موضوعى
مصطلح موضوعي الاسلام
650 04 - المدخل الاضافى بالموضوع-مصطلح موضوعى
مصطلح موضوعي الجنس
650 04 - المدخل الاضافى بالموضوع-مصطلح موضوعى
مصطلح موضوعي الزواج فى الاسلام
650 04 - المدخل الاضافى بالموضوع-مصطلح موضوعى
مصطلح موضوعي التربية الجنسية
942 ## - عناصر المدخل الإضافي( كوها)
مصدر التصنيف او مخطط الترفيف Dewey Decimal Classification
Koha [default] item type كتاب
Holdings
حالة التراجع حالة الفقد حالة تلف ليس للاعارة المكان المؤقت الموقع الحالى تاريخ الاكتساب اجمالي اﻻعارات رقم الطلب الباركود تاريخ اخر مشاهدة تاريخ تفعيل السعر نوع وعاء كوها
        مكتبة القاهرة الكبرى مكتبة القاهرة الكبرى 03/26/2014   254\ن ر 93878 03/26/2014 03/26/2014 كتاب

Powered By

EGPV